| 000 | 00400nam a2200157Ia 4500 | ||
|---|---|---|---|
| 005 | 20240807062226.0 | ||
| 008 | 240806s9999||||xx |||||||||||||| ||eng|| | ||
| 041 | _aeng | ||
| 082 |
_a891.438 _bSANH.2 |
||
| 100 | _aSankrityayan Rahul | ||
| 245 | 0 |
_aHimachal ek sanskritik bhg-2 / _cSankrityayan Rahul |
|
| 260 | _bVani Prakashan Delahi | ||
| 300 | _a239 | ||
| 650 | _aGeneral Studies | ||
| 942 | _cBK | ||
| 999 |
_c12345 _d12345 |
||